Beyond Transition (Record no. 81097)
[ view plain ]
| 000 -LEADER | |
|---|---|
| fixed length control field | 00854nam a2200169 a 4500 |
| 008 - FIXED-LENGTH DATA ELEMENTS--GENERAL INFORMATION | |
| fixed length control field | 080915s2006 ||||||||||||||||| || u |
| 050 ## - LIBRARY OF CONGRESS CALL NUMBER | |
| Classification number | IBRD(05) |
| 110 ## - MAIN ENTRY--CORPORATE NAME | |
| Corporate name or jurisdiction name as entry element | World Bank |
| 245 10 - TITLE STATEMENT | |
| Title | Beyond Transition |
| 260 ## - PUBLICATION, DISTRIBUTION, ETC. | |
| Place of publication, distribution, etc. | Washington, D. C. |
| Name of publisher, distributor, etc. | World Bank |
| Date of publication, distribution, etc. | 2006 |
| 300 ## - PHYSICAL DESCRIPTION | |
| Extent | 32p. ill |
| 350 ## - | |
| -- | 0.00 |
| 650 #7 - SUBJECT ADDED ENTRY--TOPICAL TERM | |
| Topical term or geographic name entry element | CENTRAL ASIA |
| Source of heading or term | fast |
| 995 ## - | |
| -- | SPECIAL COLLECTIONS |
| -- | 0.00 |
| -- | 03006219 |
| -- | CBU-MAIN LIBRARY (Kitwe) |
| -- | 1 |
| -- | 0.00 |
| -- | IBRD(05)BT/2006/4B |
| -- | 2 |
| -- | AVAILABLE |
| -- | Apr 28, 2010 |
| -- | 03006219 |
| -- | International Publications |
| 995 ## - | |
| -- | SPECIAL COLLECTIONS |
| -- | 0.00 |
| -- | IBRD(05)BT/2006/4 |
| -- | CBU-MAIN LIBRARY (Kitwe) |
| -- | 1 |
| -- | 0.00 |
| -- | IBRD(05)BT/2006/4A |
| -- | 1 |
| -- | AVAILABLE |
| -- | Sep 25, 2008 |
| -- | 03002928 |
| -- | International Publications |
| 995 ## - | |
| -- | SPECIAL COLLECTIONS |
| -- | 0.00 |
| -- | 03006220 |
| -- | CBU-MAIN LIBRARY (Kitwe) |
| -- | 1 |
| -- | 0.00 |
| -- | IBRD(05)BT/06/1A |
| -- | 1 |
| -- | AVAILABLE |
| -- | Apr 28, 2010 |
| -- | Z03006220 |
| -- | International Publications |
| 999 ## - | |
| -- | 81097 |
| -- | 81097 |
| Withdrawn status | Lost status | Source of classification or shelving scheme | Damaged status | Not for loan | Permanent Location | Current Location | Shelving location | Date acquired | Total Checkouts | Full call number | Barcode | Date last seen | Copy number | Price effective from | Koha item type |
|---|---|---|---|---|---|---|---|---|---|---|---|---|---|---|---|
| CBU-MAIN LIBRARY, KITWE. | CBU-MAIN LIBRARY, KITWE. | 07/19/2023 | IBRD(05)BT/2006/4B | 03006219 | 07/19/2023 | 1 | 07/19/2023 | SPECIAL COLLECTION | |||||||
| CBU-MAIN LIBRARY, KITWE. | CBU-MAIN LIBRARY, KITWE. | 07/19/2023 | IBRD(05)BT/2006/4A | 03002928 | 07/19/2023 | 2 | 07/19/2023 | SPECIAL COLLECTION | |||||||
| CBU-MAIN LIBRARY, KITWE. | CBU-MAIN LIBRARY, KITWE. | 07/19/2023 | IBRD(05)BT/2006/1 | Z03006220 | 07/19/2023 | 3 | 07/19/2023 | SPECIAL COLLECTION |